000
00182 a2200097 4500
001
8290
100
_a
Ludwig, E
245
_a
Napoleon
260
_a
_b
Allen
_c
090
_c
6669
_d
6669
942
_a
NUST-CAE
_c
M
_c
33232
999
_c
243363
_d
243363